Library Logo

Pioneer International University Library Catalogue

Recent developments in psychoanalysis : (Record no. 5640)

MARC details
000 -LEADER
fixed length control field 00569pam a2200181 a 4500
005 - DATE AND TIME OF LATEST TRANSACTION
control field 20250901165538.0
008 - FIXED-LENGTH DATA ELEMENTS--GENERAL INFORMATION
fixed length control field 831103s1984 nyu b 001 0 eng
010 ## - LIBRARY OF CONGRESS CONTROL NUMBER
LC control number 83023887
020 ## - INTERNATIONAL STANDARD BOOK NUMBER
International Standard Book Number 0070185972
050 00 - LIBRARY OF CONGRESS CALL NUMBER
Classification number BF173 .E16 1984
Item number .E16 1984
082 00 - DEWEY DECIMAL CLASSIFICATION NUMBER
Classification number 150.19/5
Edition information 19
100 1# - MAIN ENTRY--PERSONAL NAME
Personal name Eagle, Morris N.
245 10 - TITLE STATEMENT
Title Recent developments in psychoanalysis :
Remainder of title a critical evaluation /
Statement of responsibility, etc. Morris N. Eagle.
260 ## - PUBLICATION, DISTRIBUTION, ETC.
Place of publication, distribution, etc. New York :
Name of publisher, distributor, etc. McGraw-Hill,
Date of publication, distribution, etc. c1984.
300 ## - PHYSICAL DESCRIPTION
Extent xi, 259 p. ;
Dimensions 24 cm.
500 ## - GENERAL NOTE
General note Includes index.
942 ## - ADDED ENTRY ELEMENTS (KOHA)
Source of classification or shelving scheme Library of Congress Classification
Classification part BF173 .E16 1984
Holdings
Withdrawn status Lost status Source of classification or shelving scheme Damaged status Not for loan Home library Current library Shelving location Date acquired Total checkouts Full call number Barcode Date last seen Price effective from Koha item type
    Library of Congress Classification     Main Library Main Library   06/08/2021   BF173 .E16 1984 PIU0006644 06/08/2021 06/08/2021 Books